Central Library OPAC University of Rajshahi

Global nuclear energy risks : (Record no. 58024)

MARC details
000 -LEADER
fixed length control field 00889nam a2200277 a 4500
001 - CONTROL NUMBER
control field 58024
003 - CONTROL NUMBER IDENTIFIER
rucl marc code BD-RjUL
005 - DATE AND TIME OF LATEST TRANSACTION
control field 20211209080559.0
008 - FIXED-LENGTH DATA ELEMENTS--GENERAL INFORMATION
fixed length control field 161512s1986 enk b 001 0 eng
020 ## - INTERNATIONAL STANDARD BOOK NUMBER
International Standard Book Number 0865316678 :
Terms of availability $22.00
035 ## - SYSTEM CONTROL NUMBER
System control number (BD-RjUL)58148
040 ## - CATALOGING SOURCE
Original cataloging agency DLC
Transcribing agency DLC
Modifying agency BD-RjUL
Language of cataloging eng
041 ## - LANGUAGE CODE
Language code of text/sound track or separate title eng
082 00 - DEWEY DECIMAL CLASSIFICATION NUMBER
Classification number 327.174
Edition number 23
Author mark and year RAG 1985
100 1# - MAIN ENTRY--PERSONAL NAME
Personal name Ramberg, Bennett.
9 (RLIN) 172330
245 10 - TITLE STATEMENT
Title Global nuclear energy risks :
Remainder of title the search for preventive medicine /
Statement of responsibility, etc. Bennett Ramberg.
260 ## - PUBLICATION, DISTRIBUTION, ETC. (IMPRINT)
Place of publication, distribution, etc. Boulder :
Name of publisher, distributor, etc. Westview Press,
Date of publication, distribution, etc. c1986.
300 ## - PHYSICAL DESCRIPTION
Pagination xv, 128 p. ;
Size 24 cm.
500 ## - GENERAL NOTE
General note Includes index.
504 ## - BIBLIOGRAPHY, ETC. NOTE
Bibliography, etc Bibliography: p. 101-116.
650 #0 - SUBJECT ADDED ENTRY--TOPICAL TERM
Topical term or geographic name as entry element Nuclear nonproliferation.
9 (RLIN) 172331
Topical term or geographic name as entry element Nuclear energy
General subdivision International cooperation.
9 (RLIN) 172332
Topical term or geographic name as entry element Nuclear power plants
General subdivision Security measures.
9 (RLIN) 172333
942 ## - ADDED ENTRY ELEMENTS (KOHA)
Source of classification or shelving scheme Dewey Decimal Classification
Koha item type Books
Holdings
Lost status Source of classification or shelving scheme Damaged status Not for loan Collection code Permanent Location Current Location Shelving location Date acquired Source of acquisition Total Checkouts Full call number Date last seen Copy number Koha item type
  Dewey Decimal Classification   Not For Loan Non-fiction Central Library, University of Rajshahi Central Library, University of Rajshahi Reading Room 11/09/1989 Asia foundation   327.174 RAG 1985 15/12/2016 C-1 Books